LEADER 01757nam 2200565Ia 450 001 9910462378603321 005 20200520144314.0 010 $a0-262-30044-3 010 $a0-262-30123-7 035 $a(CKB)2670000000242540 035 $a(SSID)ssj0000720176 035 $a(PQKBManifestationID)12329730 035 $a(PQKBTitleCode)TC0000720176 035 $a(PQKBWorkID)10660980 035 $a(PQKB)10806272 035 $a(MiAaPQ)EBC3339506 035 $a(Au-PeEL)EBL3339506 035 $a(CaPaEBR)ebr10604333 035 $a(OCoLC)812178386 035 $a(EXLCZ)992670000000242540 100 $a20110818d2012 uy 0 101 0 $aeng 135 $aurcn||||||||| 181 $ctxt 182 $cc 183 $acr 200 10$aCharacteristics of games$b[electronic resource] /$fGeorge Skaff Elias, Richard Garfield, and K. Robert Gutschera ; foreword by Eric Zimmerman ; diagrams by Peter Whitley 210 $aCambridge, MA $cMIT Press$dc2012 215 $axv, 311 p. $cill 300 $aBibliographic Level Mode of Issuance: Monograph 311 $a0-262-01713-X 320 $aIncludes bibliographical references (p. [301]-304) and index. 606 $aGames$xDesign and construction 606 $aGames$vRules 606 $aGame theory 608 $aElectronic books. 615 0$aGames$xDesign and construction. 615 0$aGames 615 0$aGame theory. 676 $a793 700 $aElias$b George Skaff$01049982 701 $aGarfield$b Richard$01049983 701 $aGutschera$b Karl Robert$f1964-$01049984 801 0$bMiAaPQ 801 1$bMiAaPQ 801 2$bMiAaPQ 906 $aBOOK 912 $a9910462378603321 996 $aCharacteristics of games$92479411 997 $aUNINA LEADER 02751oas 2201033 a 450 001 9910139182003321 005 20250921213016.0 011 $a1548-1417 035 $a(DE-599)ZDB2210415-X 035 $a(OCoLC)53994535 035 $a(CONSER) 2004213825 035 $a(CKB)960238449042 035 $a(EXLCZ)99960238449042 100 $a20040108a19839999 sy a 101 0 $aeng 135 $aurcnu|||||||| 181 $ctxt$2rdacontent 182 $cc$2rdamedia 183 $acr$2rdacarrier 200 10$aAnthropology of work review $eAWR 210 $a[Stewartsville, N.J.] $cSociety for the Anthropology of Work$d1983- 210 3 $a[Hoboken, NJ] $cJohn Wiley & Sons Ltd 215 $a1 online resource 300 $aRefereed/Peer-reviewed 300 $aTitle from PDF file caption title (AnthroSource Web site, viewed Jan. 21, 2005). 300 $aVols. for published in New York, N.Y. 300 $aMembership directory published with v. 9, no. 4 has title: National directory of work anthropologists. 311 08$a0883-024X 517 3 $aAWR 606 $aWork$vPeriodicals 606 $aEconomic anthropology$vPeriodicals 606 $aTravail$vPe?riodiques 606 $aAnthropologie e?conomique$vPe?riodiques 606 $aEconomic anthropology$2fast$3(OCoLC)fst00901586 606 $aWork$2fast$3(OCoLC)fst01180188 606 $aAntropologia econòmica$2thub 608 $aPeriodicals.$2fast 608 $aPeriodicals.$2lcgft 608 $aRevistes electròniques.$2thub 615 0$aWork 615 0$aEconomic anthropology 615 6$aTravail 615 6$aAnthropologie e?conomique 615 7$aEconomic anthropology. 615 7$aWork. 615 7$aAntropologia econòmica. 676 $a306.3 712 02$aSociety for the Anthropology of Work (U.S.), 801 0$bNSD 801 1$bNSD 801 2$bOCLCQ 801 2$bCGU 801 2$bOCL 801 2$bCLU 801 2$bOCLCS 801 2$bMYG 801 2$bOCLCQ 801 2$bMUQ 801 2$bDLC 801 2$bOCLCQ 801 2$bDLC 801 2$bOCLCF 801 2$bSCB 801 2$bFIE 801 2$bUKMGB 801 2$bNLGGC 801 2$bOCLCQ 801 2$bEZC 801 2$bAU@ 801 2$bVT2 801 2$bOCLCQ 801 2$bU3W 801 2$bOCLCO 801 2$bNJT 801 2$bSFB 801 2$bCNMTR 801 2$bUBY 801 2$bOCLCO 801 2$bJ9U 801 2$bCNTRU 801 2$bDLC 801 2$bCLU 801 2$bOCLCQ 801 2$bUAB 801 2$bOCLCL 906 $aJOURNAL 912 $a9910139182003321 996 $aAnthropology of work review$92225108 997 $aUNINA